02246 a2200265 45000010006000000050017000060080041000230030015000640400040000790800109001192450052002280200022002802500013003022640040003153000027003555051356003820410008017381000021017467000022017677000033017897000020018227000023018427000020018658560095018854385720260407155719.0260407a2016 arg spa dAR-UNSa-BCEJYS aAR-UNSa-BCEJYSbspacAR-UNSa-BCEJYS a339.9xEconomía internacional en general. Relaciones económicas internacionales. Economía mundial 10aEconomía internacionalpteoría y política a978-84-9035-296-0 a10a. ed. 1aMadrid :bPearson Educaciónc2016 axxxiii, 753 p.c25 cm. a1. Introducción - 2. Comercio mundial: una visión general - 3. Productividad del trabajo y ventaja comparativa: el modelo ricardiano - 4. Factores específicos y distribución de la renta - 5. Recursos y comercio: el modelo Heckscher-Ohlin - 6. El modelo estándar de comercio - 7. Economías externas de escala y localización internacional de la producción - 8. Las empresas en la economía global: decisiones de exportación , contratación externa y empresas multinacionales - 9. Los instrumentos de la política comercial - 10. La economía política de la política comercial - 11. La política comercial en los países en vías de desarrollo - 12. Controversias de la política comercial - 13. La contabilidad nacional y la balanza de pagos - 14. Los tipos de cambio y el mercado de divisas: un enfoque de activos - 15. El dinero, los tipos de interés y los tipos de cambio - 16. El nivel de precios y el tipo de cambio a largo plazo - 17. La producción nacional y el tipo de cambio a corto plazo - 18. Los tipos de cambio fijos y la intervención en los mercados de divisas - 19. Sistemas monetarios internacionales: una visión histórica - 20. Areas monetarias óptimas y la experiencia europea - 21. Globalización financiera: oportunidades y crisis - 22. Países en desarrollo: crecimiento, crisis y reforma aspa1 aKrugman, Paul R.1 aObstfeld, Maurice1 aGestión Editorial Avanzada1 aMelitz, Marc J.1 aRequena, Francisco1 aEsteve, Vicente41uhttps://biblioeco.unsa.edu.ar/pmb/images/libros/L126821.jpgyImagen de portadaqimage/jpeg